ბათუმის შოთა რუსთაველის სახელმწიფო უნივერსიტეტის ბიბლიოთეკა

Radiology Made Easy / (ბიბ.ჩანაწერი № 61687)

000 -LEADER
fixed length control field 00579nam a22001937a 4500
005 - DATE AND TIME OF LATEST TRANSACTION
control field 20240417112521.0
008 - FIXED-LENGTH DATA ELEMENTS--GENERAL INFORMATION
fixed length control field 240417s2006 enk||||| |||| 00| 0 eng d
020 ## - INTERNATIONAL STANDARD BOOK NUMBER
International Standard Book Number 9780521676359x
041 ## - LANGUAGE CODE
Language code of text/sound track or separate title eng
080 ## - UNIVERSAL DECIMAL CLASSIFICATION NUMBER
Universal Decimal Classification number 615.849 B-22
100 ## - MAIN ENTRY--PERSONAL NAME
Personal name Banerjee, Arpan K.
9 (RLIN) 21831
245 ## - TITLE STATEMENT
Title Radiology Made Easy /
Statement of responsibility, etc. Arpan K. Banerjee.
250 ## - EDITION STATEMENT
Edition statement Second edition
264 ## - PRODUCTION, PUBLICATION, DISTRIBUTION, MANUFACTURE, AND COPYRIGHT NOTICE
Place of production, publication, distribution, manufacture Cambridge :
Name of producer, publisher, distributor, manufacturer Cambridge University Press,
Date of production, publication, distribution, manufacture, or copyright notice 2006.
300 ## - PHYSICAL DESCRIPTION
Extent 178 p.:
Other physical details ill.;
Dimensions 23 cm.
653 ## - INDEX TERM--UNCONTROLLED
keyword რადიოლოგია
653 ## - INDEX TERM--UNCONTROLLED
keyword მედიცინა
942 ## - ADDED ENTRY ELEMENTS (KOHA)
Source of classification or shelving scheme
Koha item type წიგნი
ეგზემპლარები
Withdrawn status Lost status Source of classification or shelving scheme Damaged status Not for loan Permanent Location Current Location Shelving location Date acquired Cost, normal purchase price Full call number Barcode Date last seen Copy number Price effective from Koha item type Public note
          ბათუმის შოთა რუსთაველის სახელმწიფო უნივერსიტეტის მთავარი ბიბლიოთეკა ბათუმის შოთა რუსთაველის სახელმწიფო უნივერსიტეტის მთავარი ბიბლიოთეკა წიგნსაცავი 2024-04-17 96.80 615.849 B-22 67847 2024-04-17 67847 2024-04-17 წიგნი 96 ლ. 80 თ.